Medida Provisória: (Record no. 7850)

MARC details
000 -LEADER
fixed length control field 00815cam a22002654a 4500
001 - CONTROL NUMBER
control field ocm61480806
003 - CONTROL NUMBER IDENTIFIER
control field TZ-ArACH
005 - DATE AND TIME OF LATEST TRANSACTION
control field 20260415103719.0
008 - FIXED-LENGTH DATA ELEMENTS--GENERAL INFORMATION
fixed length control field 260415s2005 ne b 001 0 eng c
020 ## - INTERNATIONAL STANDARD BOOK NUMBER
International Standard Book Number 9788502148192
040 ## - CATALOGING SOURCE
Original cataloging agency EQO
Language of cataloging eng
Transcribing agency TZ-ArACH
042 ## - AUTHENTICATION CODE
Authentication code pcc
049 ## - LOCAL HOLDINGS (OCLC)
Holding library TZAA
050 00 - LIBRARY OF CONGRESS CALL NUMBER
Classification number KJE2768
Item number .A43 2012
100 1# - MAIN ENTRY--PERSONAL NAME
Personal name Amaral, José Levi Mello do Júnior
245 10 - TITLE STATEMENT
Title Medida Provisória:
Statement of responsibility, etc José Levi Mello do Amaral Júnior
Remainder of title edição e Conversão em Lei - Série EDB /
260 ## - PUBLICATION, DISTRIBUTION, ETC. (IMPRINT)
Place of publication, distribution, etc Sao Paolo (Brazil):
Name of publisher, distributor, etc Editora Saraiva ;
Date of publication, distribution, etc 2012.
300 ## - PHYSICAL DESCRIPTION
Extent 263 pages ;
490 1# - SERIES STATEMENT
Series statement International arbitration law library ;
Volume number/sequential designation 13
504 ## - BIBLIOGRAPHY, ETC. NOTE
Bibliography, etc Includes bibliographical references
505 0# - FORMATTED CONTENTS NOTE
Formatted contents note .
650 #0 - SUBJECT ADDED ENTRY--TOPICAL TERM
Topical term or geographic name as entry element Provisional measures
Geographic subdivision Brazil
650 #7 - SUBJECT ADDED ENTRY--TOPICAL TERM
Topical term or geographic name as entry element Conversion law
942 ## - ADDED ENTRY ELEMENTS (KOHA)
Source of classification or shelving scheme Library of Congress Classification
Koha item type Books
Holdings
Home library Current library Date acquired Full call number Barcode Koha item type
African Court on Human and Peoples' Rights Library African Court on Human and Peoples' Rights Library 15/04/2026 KJE2768 .A43 2012 10044507 Books

African Court on Human and Peoples' Rights | For Inquiries Contact » +255 272 510 510